00640nam a2200193 a 450000500170000000800410001702000180005805000240007610000180010024500720011826000320019030000300022250000200025252100090027265000360028165000510031765000390036865000390040720140310183611.0120825s19uu xx 00 eng d a9781412953641 aHF 1359 b.H55 2009 aHill, John S. aInternational business :bmanaging globalization. /cJohn S. Hill.  aLos Angeles :bSage,c2009. a712 p. :bill. ;c23 cm.  aIncludes index. aBSBA aGlobalizationxEconomic aspects aInternational business enterprisesxManagement aInternational economic integration aInternational business enterprises